Slovensko

Titel: Slovensko : Země probuzená, 1918-1938 / Michal Stehlík
Veröffentlicht: Academia, 2015
Umfang: 196 S.
Format: Buch
Sprache: Tschechisch
RVK-Notation:
Schlagworte:
ISBN: 9788020024053
Buchumschlag
X
alg: 35863134
001A    $03004:05-05-15 
001B    $06055:13-03-26 $t18:20:31.000 
001C    $03004:05-05-15 $t14:43:40.000 
001D    $03004:05-05-15 
001U    $0utf8 
001X    $00 
002@    $0Aaa 
003@    $0358631343 
004A    $A978-80-200-2405-3 
007A    $0358631343 $aHEB 
009P    $qapplication/pdf $A2 $3Inhaltsverzeichnis $uhttp://scans.hebis.de/HEBCGI/show.pl?35863134_toc.pdf $mV:DE-604 
010@    $acze 
011@    $a2015 
013H    $0z 
021A    $aSlovensko $dZemě probuzená, 1918-1938 $hMichal Stehlík 
033A    $pAcademia 
034D    $a196 S. 
044K    $RTschechoslowakei $RTschechoslowakei $#Slowakei $#Slowakei $#Slowakei $#Slowakische Republik (1938-1945) $#Slowakische Republik $#Oberungarn $#Slovensko $#Slovenská Republika $#Slovenská SR $#SSR $#Slovakia $#Slovaquie $#Slovak Republic $#République Slovaque $#Slovenská Socialistická Republika $#Slowakische Sozialistische Republik $#Slovak Socialist Republic $#République Socialiste Slovaque $D20251120 $Ecgmnf $74055297-4 $8Slowakei [Tg1] $9085153834 
045Z    $D20251120 $Ecgmnf $8NQ 4675 [Tkv] $9410914789 

lok: 35863134 24

exp: 35863134 24 1 #EPN
201B/01 $005-05-15 $t14:43:40.000 
201C/01 $005-05-15 
201U/01 $0utf8 
203@/01 $0753953013 
208@/01 $a05-05-15 $ba 
209A/01 $azur Erwerbung bestellt $f050 $x00 
209A/01 $a2015-kosmas-06 $x02 
220C/01 $akon 
247C/01 $8358050-7 Marburg, Bibliothek des Herder-Instituts Marburg $9102600961
LEADER 00000cam a22000008c 4500
001 358631343
003 DE-603
005 20260313182031.0
007 tu
008 150505s2015 xx |||| | u00||u|cze c
020 |a 9788020024053 
035 |a (DE-599)HEB358631343 
040 |a DE-603  |b ger  |c DE-603  |d DE-603 
041 |a cze 
084 |a NQ 4675  |0 (DE-625)128507:  |0 (DE-603)410914789  |2 rvk 
245 0 0 |a Slovensko  |b Země probuzená, 1918-1938  |c Michal Stehlík 
264 1 |a Academia  |c 2015 
300 |a 196 S. 
651 7 |a Slowakei  |0 (DE-588)4055297-4  |0 (DE-603)085153834  |2 gnd 
856 4 2 |m V:DE-604  |q application/pdf  |u http://scans.hebis.de/HEBCGI/show.pl?35863134_toc.pdf  |3 Inhaltsverzeichnis 
924 0 |9 Mb 50  |a (DE-603)753953013  |b DE-Mb50  |c HES  |d c  |g zur Erwerbung bestellt